| 000 | 003250000a22000970004500 | ||
|---|---|---|---|
| 100 | 1 | _aPretiz, Paul E. | |
| 245 | 1 | 0 | _aLatins R Us : Since LAM's founding, latins played a key role in mission outreach and strategy |
| 300 | _aVol. 77, Num 2 (Abril-Junio, 1997), Páginas 12-13 | ||
| 773 | 0 | _tLatin America Evangelist | |
| 942 | _cANA | ||
| 999 |
_c55068 _d55068 |
||